000 00639nam a2200205Ii 4500
003 JO-AjNU
008 230605s9999||||xx |||||||||||||| ||und||
040 _aJO-AjNU
_bara
_erda
_cJO-AjNU
041 _aara
050 1 4 _aBP144.Q3798 1980
100 3 _aالقرضاوي، يوسف,
_eauthor
_915320
245 0 0 _aالحلال والحرام في الإسلام
250 _aط13
264 3 1 _aبيروت،دمشق: المكتب الإسلامي، 1980
300 _a351ص
336 _atext
_btxt
_2rdacontent
337 _aunmediated
_bn
_2rdamedia
338 _avolume
_bnc
_2rdacarrier
650 4 _aالحلال والحرام
_915321
999 _aA4298
_c7866
_d7866